00613nam a2200193Ia 4500003000900000008004100009020001800050040001600068080001900084100001800103245006100121260003300182300001600215490006800231650002500299650002700324650002500351650004300376IN-BaIIA211028s9999 xx 000 0 eng d a0-08-017934-7 cIIA Library a523.4-852bSOB aSobolev, V. V 0aLight scattering in planetary atmospherescV. V. Sobolev aOxfordbPergamon Pressc1975 axvii, 256p. aInternational series of monographs in natural philosophy; v. 76 a Light scattering  a Planet atmospheres  a Radiative transfer aAstronomy and astrophysics thesaurus